Estudio de fuentes y usos de fondos Chile 1960-1964

Kaydedildi:
Detaylı Bibliyografya
Kurumsal yazarlar: Banco Central de Chile (Yazar), Oficina de Planificación Nacional (Yazar)
Materyal Türü: Kitap
Dil:İspanyolca
Baskı/Yayın Bilgisi: Santiago Del Pacífico 1967
Konular:
Etiketler: Etiketle
Etiket eklenmemiş, İlk siz ekleyin!

MARC

LEADER 00000nam a2200000 a 4500
001 UCR9433
003 CL-VaPUC
008 980613e19670804CL |||||||||||||||||spa|d
082 0 4 |a 332.4983  |b BAN  |2 21 
110 2 |a Banco Central de Chile  |e author  |9 411968 
710 2 |a Oficina de Planificación Nacional  |e author  |9 411969 
245 1 0 |a Estudio de fuentes y usos de fondos Chile 1960-1964 
300 |a 124 p 
942 |c BK 
945 |d 19980613 00:00:00  |a crobeson 
260 |a Santiago  |b Del Pacífico  |c 1967 
650 7 |a FLUJOS FINANCIEROS  |2 CL-VaPUC  |9 411970 
650 0 |a Análisis estadístico  |9 269506 
650 0 |a Modelos matemáticos   |9 259437 
650 0 |a Condiciones económicas  |9 258255 
651 7 |a CHILE  |2 CL-VaPUC  |9 411971 
583 |a last modification  |c 19980613 00:00:00  |k Rodrigo Vera 
999 |c 270628  |d 270626 
952 |0 0  |1 0  |4 0  |6 332_498300000000000_BAN_1967  |7 0  |8 A  |9 304988  |a BIBENE  |b BIBENE  |d 2019-11-20  |i 1413295  |o 332.4983 BAN 1967  |p 1413295  |r 2025-01-15  |w 2019-11-20  |y BK  |k ICO